| 000 | 00517cam a2200217ua 4500 | ||
|---|---|---|---|
| 001 | 9951 | ||
| 005 | 20260515114540.0 | ||
| 008 | 170118n ii |||gr||||Z||||||asm | ||
| 020 | _a8123729120 | ||
| 040 | _cMAIN | ||
| 041 | _aasm | ||
| 082 | _a333.79 | ||
| 100 |
_aBaxi, A. K., _eAuthor. |
||
| 245 |
_aShakti _cBy A. K. Baxi |
||
| 250 | _a1st ed. | ||
| 260 |
_aNew Delhi: _bNBT, _c1995. |
||
| 300 | _a84p. | ||
| 653 | _aEconomics ofland & energy | ||
| 700 |
_aGoswami, Ramesh Chandra, _eTranslator. |
||
| 942 | _cBK | ||
| 999 |
_c8949 _d8949 |
||